000 00337 a2200157 4500
001 16641
020 _a9788578882433
040 _cAnchieta - Bela Vista
100 _aSoares, Flavio
240 1 0 _aA vida com logan
_lpor
245 1 0 _aA vida com logan
300 _a40
362 0 _a2013
650 4 _aLiteratura juvenil
942 _cBK
999 _c16641
_d16641